|
|
|
|
| LEADER |
01118nab a2200253 i 4500 |
| 001 |
misc27241 |
| 005 |
20191111110317.0 |
| 008 |
170821s1974 hu o 0|| zxx d |
| 040 |
|
|
|a SZTE Miscellanea Repozitórium
|b hun
|
| 041 |
|
|
|a zxx
|
| 100 |
1 |
|
|a Sztriha László
|
| 245 |
1 |
0 |
|a 76. The activity of acid phosphatase and non specific esterase in necrotic and regenerative proximal tubular epithelium in rats kidney, a light and electron microscopical study ; 77. A Histostatistical analysis on the bone marrow of autopsy cases of kidney transplantation with special references to aplastic anemia
|h [elektronikus dokumentum] /
|c Sztriha László
|
| 260 |
|
|
|c 1974
|
| 300 |
|
|
|a 38-39
|
| 490 |
0 |
|
|a Kolligátum
|
| 695 |
|
|
|a Patológia - előadáskivonatok
|
| 700 |
0 |
1 |
|a Böti Zs.
|e aut
|
| 700 |
0 |
1 |
|a Kuthy Enikő
|e aut
|
| 700 |
0 |
1 |
|a Ormos Jenő
|e aut
|
| 700 |
0 |
1 |
|a Okono K.
|e aut
|
| 700 |
0 |
1 |
|a Okada M.
|e aut
|
| 700 |
0 |
1 |
|a Kitamura Y.
|e aut
|
| 710 |
|
|
|a The world congress of academic and environmental pathology (10.) (1974) (Hamburg)
|
| 856 |
4 |
0 |
|u http://misc.bibl.u-szeged.hu/27241/1/020_003_038-039.pdf
|z Dokumentum-elérés
|